000 00783nam a2200229 a 4500
008 060810s1999 ||||||||||||||||| || u
020 _a8120315723
050 _aHF 5548.4.M523 Bla
100 _aCook, Ken
245 1 0 _aUsing microsoft excel 2000
250 _aspecial ed.
260 _aNew Delhi
_bFT Prentice-Hall
_c1999
300 _axx ; 1063p. ; ill.
350 _a0.00
650 _aMICROSOFT EXCEL (COMPUTER FILE)
650 _aCOMPUTING
650 _aELECTRONIC SPREADSHEETS--COMPUTER PROGRAMS
700 _aBlattner, Patrick
700 _aUlrich, Laurie
700 _aDyck, Timothy
995 _D0.00
_FCBU-MAIN LIBRARY (Kitwe)
_H1
_I0.00
_M1
_UAVAILABLE
_WAug 10, 2006
_ZMain Library Open Access Collection
999 _c61166
_d61166